Guess Professional Griefers Lyrics Quiz Stats

Quiz not verified by Sporcle

Challenge
Share
Tweet
Embed
Score 0/263 Timer 10:00
0 Plays Today
% Correct
I
93.2%
the
93.2%
the
93.2%
I
93.2%
the
93.2%
the
93.2%
the
93.2%
the
93.2%
the
93.2%
I
93.2%
the
93.2%
I
93.2%
the
93.2%
the
93.2%
the
93.2%
the
93.2%
the
93.2%
the
93.2%
the
93.2%
the
93.2%
the
93.2%
I
93.2%
the
93.2%
I
93.2%
the
93.2%
the
93.2%
I
93.2%
the
93.2%
the
93.2%
I
93.2%
We
90.4%
We
90.4%
we
90.4%
We
90.4%
We
90.4%
we
90.4%
we
90.4%
go
89%
of
87.7%
of
87.7%
that
87.7%
of
87.7%
that
87.7%
that
87.7%
of
87.7%
that
87.7%
of
87.7%
that
87.7%
of
87.7%
that
87.7%
of
87.7%
that
87.7%
to
86.3%
a
86.3%
to
86.3%
a
86.3%
to
86.3%
to
86.3%
to
86.3%
a
86.3%
to
86.3%
to
86.3%
sound
84.9%
broken
84.9%
sound
84.9%
broken
84.9%
sound
84.9%
broken
84.9%
broken
84.9%
broken
84.9%
like
83.6%
like
83.6%
but
83.6%
like
83.6%
like
83.6%
like
83.6%
me
83.6%
all
83.6%
me
83.6%
all
83.6%
like
83.6%
but
83.6%
me
83.6%
me
83.6%
all
83.6%
me
83.6%
all
83.6%
all
83.6%
% Correct
all
83.6%
pieces
80.8%
Give
80.8%
things
80.8%
made
80.8%
give
80.8%
things
80.8%
made
80.8%
Give
80.8%
things
80.8%
made
80.8%
give
80.8%
things
80.8%
made
80.8%
things
80.8%
made
80.8%
things
80.8%
made
80.8%
got
79.5%
got
79.5%
you,
79.5%
you
79.5%
you
79.5%
girls
79.5%
Girls
79.5%
got
79.5%
kids
78.1%
Jesus
78.1%
with
78.1%
Another
78.1%
Another
78.1%
with
78.1%
with
78.1%
with
78.1%
Another
78.1%
Another
78.1%
Another
78.1%
Another
78.1%
see
76.7%
life
76.7%
on
76.7%
life
76.7%
see
76.7%
life
76.7%
life
76.7%
see
76.7%
life
76.7%
machines
74%
just
74%
world
74%
Just
74%
world
74%
awful
74%
world
74%
Just
74%
world
74%
awful
74%
awful
74%
awful
74%
and
72.6%
she
72.6%
that's
72.6%
full
72.6%
that's
72.6%
full
72.6%
LSD
72.6%
that's
72.6%
full
72.6%
that's
72.6%
full
72.6%
that's
72.6%
full
72.6%
And
72.6%
that's
72.6%
full
72.6%
lights
69.9%
they
69.9%
XYZ
69.9%
outside
69.9%
outside
69.9%
XYZ
69.9%
outside
69.9%
outside
69.9%
are
67.1%
are
67.1%
faster
65.8%
move
63%
can't
63%
% Correct
Teenage
63%
guns
61.6%
dead
60.3%
dance
58.9%
up
58.9%
for
58.9%
in
58.9%
in
58.9%
for
58.9%
hear
57.5%
Morning
57.5%
sickness
57.5%
after
57.5%
Morning
57.5%
sickness
57.5%
don't
56.2%
fight
56.2%
build
56.2%
friend
56.2%
blaster
56.2%
you're
56.2%
master
56.2%
Watch
54.8%
this
53.4%
them
53.4%
Turn
53.4%
want
50.7%
says
49.3%
Mass
49.3%
Mass
49.3%
God
47.9%
or
47.9%
mixtape
47.9%
Boys
47.9%
I'm
47.9%
from
47.9%
need
46.6%
Save
46.6%
won't
45.2%
ESP
45.2%
barcode
45.2%
next
42.5%
cash
41.1%
pixel
41.1%
Cause
41.1%
bombs
39.7%
erasing
39.7%
destruction
39.7%
control
38.4%
Lab
38.4%
rat
38.4%
king
38.4%
last
38.4%
both
37%
bleed
37%
slam
37%
correction
37%
screens
37%
final
37%
bleed
37%
disease
37%
Photographs
35.6%
eyes
35.6%
rescue
34.2%
siren
32.9%
detention
32.9%
Program
32.9%
function
32.9%
team
32.9%
dissection
30.1%
brats
28.8%
Death
26%
NME
23.3%
squad
20.5%
casings
20.5%
Carbon
19.2%
junk
17.8%
lacing
17.8%
lives
17.8%
Rez-up
15.1%
Cell
13.7%
Cell
13.7%
Spent
12.3%
shell
12.3%
infection
12.3%
hound
11%
Bonus
9.6%

You're not logged in!

Compare scores with friends on all Sporcle quizzes.
Join for Free
OR
Log In

You Might Also Like...

Show Comments

Extras

Top Quizzes Today


Score Distribution

Your Account Isn't Verified!

In order to create a playlist on Sporcle, you need to verify the email address you used during registration. Go to your Sporcle Settings to finish the process.

Report this User

Report this user for behavior that violates our Community Guidelines.

Details: